| 000 | 00589nam a22001817a 4500 | ||
|---|---|---|---|
| 999 |
_c14949 _d14949 |
||
| 003 | OSt | ||
| 082 | _2631.3 NAR/PE | ||
| 088 | _aP 241 | ||
| 100 |
_aNARAYANAN K _aNEETHU RANI S _93833 |
||
| 245 | _aPerformance evaluation of nutmeg sheller | ||
| 260 |
_aTavanur 2012 _bDepartment of Farm Power Machinery and Energy |
||
| 300 | _a42 | ||
| 500 | _aPerformance evaluation of nutmeg sheller | ||
| 520 | _aPerformance evaluation of nutmeg sheller | ||
| 700 |
_aEr. Sindhu Bhaskar (Guide) _93426 |
||
| 856 | _uhttps://drive.google.com/open?id=1-rlyofJsUsaOAxTvMsArh6kpLImLS9fp | ||
| 942 | _cPR | ||